000 00431nam a2200181Ia 4500
001 22757
005 20260414150852.0
008 260414t2009||||xx |||||||||||||| ||spa||
041 _aESP
082 _a621.47
_bG65
100 _aGonzález Velasco, Jaime,
_eAUT
245 0 _aEnergías renovables
_b
260 _c2009
300 _axii, 656 páginas :
_c24 cm.
650 _aTCA
654 _aCIA
942 _cLIB
_dJUS
_fJUS
_2ddc
_n
999 _c22757
_d22757